[Event "Fide Mercenarios-C"]
[Site "Mexico City"]
[Date "1999.??.??"]
[Round "11"]
[White "Araiza Munoz, Victor Fernando"]
[Black "Villanueva Garciacano, Manuel"]
[Result "1/2-1/2"]
[WhiteElo "2035"]
[BlackElo "2055"]
[PlyCount "70"]
[EventDate "1999.??.??"]
[EventType "tourn"]
[EventRounds "11"]
[EventCountry "MEX"]
[SourceTitle "EXT 2001"]
[Source "ChessBase"]
[SourceDate "2000.11.22"]
[SourceVersion "1"]
[SourceVersionDate "2000.11.22"]
[SourceQuality "1"]

1. d4 Nf6 2. Bg5 e6 3. e4 Be7 4. e5 Nd5 5. Bxe7 Qxe7 6. c3 0-0 7. Nf3 b6 8. g3 f6 9. Be2 fxe5 10. dxe5 Bb7 11. Nbd2 d6 12. 0-0 dxe5 13. Nxe5 Nd7 14. Nxd7 Qxd7 15. Bf3 c5 16. Qe2 Rae8 17. Rfe1 Qf7 18. Bg2 Ba6 19. c4 Nb4 20. Ne4 Rd8 21. Ng5 Qf6 22. Qxe6+ Kh8 23. Qxf6 Rxf6 24. Bd5 Nxd5 25. cxd5 h6 26. Ne4 Rf5 27. Nc3 b5 28. Rad1 b4 29. Na4 Rfxd5 30. Rxd5 Rxd5 31. Re7 Bb5 32. Rxa7 Rd1+ 33. Kg2 Bc6+ 34. Kh3 Bd7+ 35. Kg2 Bc6+ 1/2-1/2

[Event "Fide Mercenarios 9th"]
[Site "Mexico City"]
[Date "1995.??.??"]
[Round "8"]
[White "Martin Del Campo C, Astrid"]
[Black "Araiza Munoz, Victor Fernando"]
[Result "1-0"]
[WhiteElo "2050"]
[BlackElo "2015"]
[PlyCount "87"]
[EventDate "1995.??.??"]
[EventType "tourn"]
[EventRounds "11"]
[EventCountry "MEX"]
[SourceTitle "EXT 2000"]
[Source "ChessBase"]
[SourceDate "1999.11.16"]
[SourceVersion "1"]
[SourceVersionDate "1999.11.16"]
[SourceQuality "1"]

1. e4 g6 2. d4 Bg7 3. f4 d5 4. e5 Bf5 5. Nf3 e6 6. Be2 Ne7 7. 0-0 0-0 8. Na3 b6 9. c3 c5 10. Nc2 Nd7 11. Ne3 cxd4 12. cxd4 Rc8 13. Bd2 Nb8 14. Bb4 Bh6 15. Nxf5 Nxf5 16. Bxf8 Qxf8 17. Qd2 f6 18. Bd3 Ne7 19. g3 Nbc6 20. Ba6 Rd8 21. Rac1 fxe5 22. dxe5 Qf5 23. Nd4 Nxd4 24. Qxd4 Qh3 25. Bd3 Bf8 26. b4 h5 27. Qf2 Nf5 28. Bxf5 gxf5 29. a3 Rd7 30. Rc8 Rg7 31. Kh1 h4 32. Rg1 Kf7 33. Rc7+ Be7 34. Qg2 Qxg2+ 35. Kxg2 hxg3 36. hxg3 a5 37. Rb7 axb4 38. axb4 Rg8 39. Rh1 Rg7 40. Rxb6 d4 41. Rd1 Rg8 42. Rxd4 Rc8 43. Rd7 Ke8 44. Rbb7 1-0

[Event "Fide Mercenarios 6th"]
[Site "Mexico City"]
[Date "1995.??.??"]
[Round "11"]
[White "Vargas, E."]
[Black "Araiza Munoz, Victor Fernando"]
[Result "0-1"]
[WhiteElo "2165"]
[BlackElo "2015"]
[PlyCount "68"]
[EventDate "1995.??.??"]
[EventType "tourn"]
[EventRounds "11"]
[EventCountry "MEX"]
[SourceTitle "EXT 2000"]
[Source "ChessBase"]
[SourceDate "1999.11.16"]
[SourceVersion "1"]
[SourceVersionDate "1999.11.16"]
[SourceQuality "1"]

1. e4 c5 2. Nf3 Nc6 3. d4 cxd4 4. Nxd4 e5 5. Nb5 d6 6. c4 Be7 7. Be2 Nf6 8. N1c3 a6 9. Na3 Be6 10. 0-0 0-0 11. Nc2 Rc8 12. Bg5 Ne8 13. Be3 Bg5 14. Qd2 Bxe3 15. Nxe3 Nd4 16. Ncd5 Nf6 17. Nxf6+ Qxf6 18. Nd5 Bxd5 19. exd5 Qf4 20. Qd3 Nxe2+ 21. Qxe2 Qxc4 22. Qf3 f5 23. Rfd1 f4 24. h3 Qc2 25. Qa3 Qg6 26. Rac1 Rxc1 27. Rxc1 f3 28. g3 Qh6 29. Rc3 e4 30. h4 g5 31. Qb4 gxh4 32. Qxe4 hxg3 33. fxg3 f2+ 34. Kf1 Qh3+ 0-1

[Event "Carlos Torre Memorial op 06th"]
[Site "Merida"]
[Date "1993.??.??"]
[Round "7"]
[White "Ordaz Flores, Alejandro"]
[Black "Araiza Munoz, Victor Fernando"]
[Result "1-0"]
[WhiteElo "1805"]
[BlackElo "1715"]
[PlyCount "51"]
[EventDate "1993.12.??"]
[EventType "swiss"]
[EventRounds "9"]
[EventCountry "MEX"]
[SourceTitle "EXT 2005"]
[Source "ChessBase"]
[SourceDate "2004.11.15"]
[SourceVersion "1"]
[SourceVersionDate "2004.11.15"]
[SourceQuality "1"]

1. e4 c5 2. Nf3 a6 3. d3 Nc6 4. g3 g6 5. Bg2 Bg7 6. 0-0 d6 7. Nbd2 Nf6 8. Nh4 e5 9. c3 Be6 10. Qe1 b5 11. f4 Bd7 12. f5 g5 13. Nhf3 Nh5 14. Qe2 g4 15. Nd4 exd4 16. Qxg4 dxc3 17. Qxh5 cxb2 18. f6 Bxf6 19. Bxb2 Nd4 20. e5 Ra7 21. Bxd4 cxd4 22. Ne4 Be6 23. Nxd6+ Ke7 24. Rxf6 Rf8 25. Bh3 Bd5 26. Raf1 1-0